Portraits in leadership : six extraordinary University Presidents (Record no. 444755)

000 -LEADER
fixed length control field 00546cam a22001577a 4500
008 - FIXED-LENGTH DATA ELEMENTS--GENERAL INFORMATION
fixed length control field 180718b2005 xxu||||| |||| 00| 0 eng d
020 ## - INTERNATIONAL STANDARD BOOK NUMBER
International Standard Book Number 9780275984908
082 ## - DEWEY DECIMAL CLASSIFICATION NUMBER
Classification number P5x73 P131
100 ## - MAIN ENTRY--PERSONAL NAME
Personal name Padilla, Arthur
245 ## - TITLE STATEMENT
Title Portraits in leadership : six extraordinary University Presidents
Statement of responsibility, etc. by Arthur Padilla
260 ## - PUBLICATION, DISTRIBUTION, ETC.
Place of publication, distribution, etc. USA
Name of publisher, distributor, etc. Praeger
Date of publication, distribution, etc. 2005
300 ## - PHYSICAL DESCRIPTION
Extent 275p.
650 ## - SUBJECT ADDED ENTRY--TOPICAL TERM
Topical term or geographic name entry element Leadership
650 ## - SUBJECT ADDED ENTRY--TOPICAL TERM
Topical term or geographic name entry element Universities and colleges -- United States -- Administration
650 ## - SUBJECT ADDED ENTRY--TOPICAL TERM
Topical term or geographic name entry element Universities and colleges -- United States -- Presidents -- Biography
Holdings
Withdrawn status Lost status Damaged status Not for loan Permanent Location Current Location Date acquired Total Checkouts Full call number Barcode Date last seen Date last checked out Price effective from Koha item type
        Indian Institute of Public Administration Indian Institute of Public Administration 2015-08-06 1 P5x73 P131 86238 2021-02-23 2021-01-18 2018-07-21 Book

Powered by Koha